[Event "Spring Server Series, S02010"]
[Site "CCLA"]
[Date "2020.05.26"]
[Round "?"]
[White "Haase, F. Philip"]
[Black "Sereni, Vincent T."]
[Result "1-0"]
[WhiteElo "2117"]
[BlackElo "2085"]

1. e4 e5 2. Nf3 Nc6 3. Bb5 a6 4. Ba4 Nf6 5. O-O b5 6. Bb3 Bb7 7. d3 Bd6 8.
 a3 O-O 9. h3 Qe7 10. Re1 Rfe8 11. Bg5 h6 12. Bh4 Bc5 13. c3 Bb6 14. Nbd2 
Qd6 15. Nf1 Nh5 16. Ne3 Nf4 17. Nf5 Qg6 18. Bg3 Nh5 19. N3h4 Qg5 20. Nf3 
Qg6 21. Bh2 Nf6 22. g4 Kf8 23. Bg3 d6 24. N5h4 Qh7 25. g5 Nh5 26. Bxf7 
Nxg3 27. g6 Qh8 28. Nd2 Reb8 29. Kg2 Nh1 30. Kxh1 Bxf2 31. Qh5 Bxe1 32. 
Rxe1 Ke7 33. Nf5+ Kd7 34. Qg4 Kd8 35. Be6 Bc8 36. Qh4+ Ke8 37. Bd5 Bxf5 
38. Bxc6+ Bd7 39. Bd5 Be6 40. Bxe6 c6 41. Rf1 Rb7 42. Nb3 Re7 43. Qf2 c5 
44. Nxc5 Raa7 45. Nb3 Rab7 46. Bd5 Rbc7 47. Qb6 Kd7 48. Qxa6 Qe8 49. Na5 
Qb8 50. Nb7 1-0

[Event "Spring Server Series, S02010"]
[Site "CCLA"]
[Date "2020.05.26"]
[Round "?"]
[White "Haase, F. Philip"]
[Black "Ott, Paul B."]
[Result "1-0"]
[WhiteElo "2117"]
[BlackElo "2057"]

1. e4 d6 2. d4 g6 3. Nc3 Bg7 4. Be2 Nf6 5. Be3 O-O 6. Nf3 Bg4 7. O-O Nbd7 
8. a4 a6 9. a5 e5 10. dxe5 Bxf3 11. Bxf3 Nxe5 12. Be2 Re8 13. Qd2 Qd7 14. 
f3 Rad8 15. Rfd1 Qc8 16. Ra3 c6 17. Bb6 Rd7 18. f4 Bh6 19. Qe1 Bxf4 20. 
Qf1 Bg5 21. h4 Bxh4 22. Qf4 Nfg4 23. Bxg4 Nxg4 24. Qxg4 Bf6 25. Na4 h5 26.
 Qf3 Be5 27. Bd4 Rde7 28. Nb6 Qe6 29. Rad3 h4 30. Qf2 Bg3 1-0

[Event "Spring Server Series, S02010"]
[Site "CCLA"]
[Date "2020.05.26"]
[Round "?"]
[White "Sereni, Vincent T."]
[Black "Ziemak, Ken"]
[Result "0-1"]
[WhiteElo "2085"]
[BlackElo "2249"]

1. d4 g6 2. e4 d6 3. Nf3 Bg7 4. Be2 Nf6 5. Nc3 O-O 6. O-O c6 7. h3 Qc7 8. 
a4 e5 9. Bg5 Nbd7 10. dxe5 dxe5 11. Be3 Rd8 12. Qb1 Nf8 13. Rd1 Rxd1+ 14. 
Qxd1 b6 15. Qd2 Be6 16. Rd1 Ne8 17. a5 b5 18. Nb1 Rb8 19. b4 Nf6 20. Qd6 
Qxd6 21. Rxd6 Rc8 22. Rd1 Nxe4 23. Bxa7 Nd7 24. Bd3 Nef6 25. Nc3 Bf8 26. 
Rb1 h6 0-1

[Event "Spring Server Series, S02010"]
[Site "CCLA"]
[Date "2020.05.26"]
[Round "?"]
[White "Sereni, Vincent T."]
[Black "Haase, F. Philip"]
[Result "0-1"]
[WhiteElo "2085"]
[BlackElo "2117"]

1. e4 c5 2. Nf3 d6 3. Bb5+ Nd7 4. a4 a6 5. Bc4 Ngf6 6. Nc3 Qa5 7. d3 b5 8.
 Bb3 e6 9. O-O Bb7 10. Qe2 Be7 11. Bf4 Qb6 12. axb5 axb5 13. Rxa8+ Bxa8 
14. Ra1 O-O 15. h3 Bc6 16. Nd1 Ra8 17. Rxa8+ Bxa8 18. Ne3 c4 19. dxc4 b4 
20. e5 Bxf3 21. Qxf3 dxe5 22. Bg5 h6 23. Bxf6 Nxf6 24. Nd1 Bc5 25. Qa8+ 
Bf8 26. Qf3 e4 27. Qe2 Bc5 28. Ba4 Qa6 29. b3 Qd6 30. Ne3 g6 31. Qd1 Qe5 
32. Qd2 h5 33. Bb5 Qa1+ 34. Qd1 Qc3 35. Qc1 h4 36. Kf1 Nh5 37. Qe1 Qe5 38.
 Kg1 f5 39. Bc6 Kf7 40. Qd2 Qc7 41. Bd7 f4 42. Bxe6+ Kg7 43. Ng4 e3 44. 
Qc1 Qb6 45. Bd5 exf2+ 46. Kh2 Ng3 47. Nxf2 Bxf2 48. Qa1+ Kh7 49. Bf3 Qe6 
50. Bg4 Qe3 51. c5 f3 52. Qa7+ Kh6 53. Qa1 Bg1+ 54. Qxg1 f2 55. Qa1 f1=N+ 
0-1

[Event "Spring Server Series, S02010"]
[Site "CCLA"]
[Date "2020.05.26"]
[Round "?"]
[White "Sereni, Vincent T."]
[Black "Ott, Paul B."]
[Result "0-1"]
[WhiteElo "2085"]
[BlackElo "2057"]

1. e4 d5 2. exd5 Qxd5 3. Nc3 Qa5 4. Nf3 Nf6 5. Bc4 e6 6. d4 c6 7. Bd2 Qc7 
8. O-O Nbd7 9. a4 Bd6 10. Qe2 O-O 11. Rfe1 Bf4 12. Bxf4 Qxf4 13. a5 Rb8 
14. h3 b5 15. axb6 axb6 16. Qe3 Qxe3 17. fxe3 c5 18. Ra7 Rd8 19. Bb5 Bb7 
20. Rd1 h6 21. Kf2 g5 22. g4 Kf8 23. Bd3 Bc6 24. Re1 cxd4 0-1

[Event "Spring Server Series, S02010"]
[Site "CCLA"]
[Date "2020.05.26"]
[Round "?"]
[White "Ott, Paul B."]
[Black "Ziemak, Ken"]
[Result "0-1"]
[WhiteElo "2057"]
[BlackElo "2249"]

1. e4 g6 2. d4 d6 3. Nc3 Bg7 4. f4 a6 5. Nf3 b5 6. Bd3 Nd7 7. O-O c5 8. d5
Bb7 9. a3 Ngf6 10. Qe1 c4 11. Be2 Nc5 12. f5 Nfxe4 13. Nxe4 Nxe4 14. Bxc4 
Nf6 15. Bb3 Bxd5 16. Bxd5 Nxd5 17. Ng5 Nf6 18. fxg6 hxg6 19. Be3 Rc8 20. 
c3 {Adjudicated} 0-1

[Event "Spring Server Series, S02010"]
[Site "CCLA"]
[Date "2020.05.26"]
[Round "?"]
[White "Ott, Paul B."]
[Black "Haase, F. Philip"]
[Result "0-1"]
[WhiteElo "2057"]
[BlackElo "2117"]

1. e3 d5 2. Nf3 c5 3. b3 Nf6 4. Bb2 Nc6 5. Be2 Qc7 6. c4 e5 7. cxd5 Nxd5 
8. Nc3 Nxc3 9. dxc3 Bf5 10. Nh4 Rd8 11. Qc1 Bd3 12. Bxd3 Rxd3 13. e4 c4 
14. O-O Bc5 15. bxc4 g6 16. Qc2 Rd6 17. Bc1 O-O 18. h3 Rfd8 19. Bh6 Na5 
20. Nf3 Nxc4 21. Nh4 Nd2 22. Rfe1 Rd3 0-1

[Event "Spring Server Series, S02010"]
[Site "CCLA"]
[Date "2020.05.26"]
[Round "?"]
[White "Ott, Paul B."]
[Black "Sereni, Vincent T."]
[Result "1-0"]
[WhiteElo "2057"]
[BlackElo "2085"]

1. Nc3 d5 2. d4 Nf6 3. Bg5 h6 4. Bxf6 exf6 5. Qd3 c6 6. e4 Bb4 7. Qf3 
Bxc3+ 8. bxc3 Qa5 9. exd5 O-O 10. Be2 cxd5 11. Rd1 Na6 12. Kf1 Nc7 13. Bd3
Qxa2 14. h4 Bd7 15. g4 Bb5 16. Ne2 Bxd3 17. cxd3 Rfe8 18. g5 Nb5 19. Nf4 
Nxc3 20. Rc1 Qd2 21. Ra1 Kh8 22. gxf6 gxf6 23. Nh5 Re6 24. Nf4 1-0

[Event "2020 N. American Class B, Rd 1, S02011"]
[Site "CCLA"]
[Date "2020.04.25"]
[Round "?"]
[White "Cacas, Alexander"]
[Black "Zarges, Ron V."]
[Result "1-0"]
[WhiteElo "1772"]
[BlackElo "1715"]

1. e4 c5 2. Nf3 Nc6 3. d4 cxd4 4. Nxd4 Nf6 5. Nc3 e5 6. Ndb5 d6 7. Bg5 a6 
8. Na3 b5 9. Nd5 Be7 10. Nxe7 Nxe7 11. Bd3 d5 12. exd5 Qxd5 13. Qd2 Bb7 
14. f3 Qe6 15. Bxf6 Qxf6 16. c3 O-O 17. Nc2 Rfd8 18. Qe2 Ng6 19. Bxg6 Qxg6
20. O-O Qd3 21. Qxd3 Rxd3 22. Rad1 Rad8 23. Ne3 Rxd1 24. Rxd1 Rxd1+ 25. 
Nxd1 f6 26. Kf2 Kf7 27. Ne3 Ke6 28. Ke2 Bc8 29. Kd3 Bb7 30. b3 Bc6 31. c4 
bxc4+ 32. Kxc4 Kd7 33. a4 Kc7 34. Nd5+ Kd7 35. Nc3 Kc7 36. b4 Kb6 37. Nd5+
Bxd5+ 38. Kxd5 Kc7 39. h4 Kd7 40. g4 h6 41. h5 1-0

[Event "2020 N. American Class B, Rd 1, S02011"]
[Site "CCLA"]
[Date "2020.04.25"]
[Round "?"]
[White "Askvig, Brent"]
[Black "Cacas, Alexander"]
[Result "0-1"]
[WhiteElo "1667"]
[BlackElo "1772"]

1. e4 c5 2. Nf3 d6 3. d3 Nc6 4. c3 Nf6 5. g3 g6 6. Bg2 Bg7 7. O-O O-O 8. 
Nbd2 Qc7 9. Nc4 b5 10. Ne3 Rb8 11. Nh4 a5 12. f4 Bd7 13. Bd2 e6 14. g4 Ne7
15. Bf3 Bc6 16. g5 Nd7 17. f5 exf5 18. exf5 Be5 19. Qe2 Qb7 20. f6 Nd5 21.
 Ng4 Rbe8 22. Qf2 Qb6 23. Rae1 b4 24. Nxe5 Nxe5 25. Be2 bxc3 26. bxc3 Qb2 
27. Nf5 Qxd2 28. Qh4 gxf5 29. Qh6 Nxf6 30. Qxf6 Qe3+ 31. Rf2 Ng4 32. Qxf5 
Qxf2+ 33. Qxf2 Nxf2 34. Kxf2 Rb8 0-1

[Event "2020 N. American Class B, Rd 1, S02011"]
[Site "CCLA"]
[Date "2020.04.25"]
[Round "?"]
[White "Cacas, Alexander"]
[Black "Catania, Duane"]
[Result "0-1"]
[WhiteElo "1772"]
[BlackElo "1584"]

1. d4 e6 2. c4 b6 3. Nc3 Bb7 4. e4 Bb4 5. f3 f5 6. exf5 Nh6 7. fxe6 Nf5 8.
 Bf4 Qh4+ 9. g3 Qf6 10. a3 Bxc3+ 11. bxc3 dxe6 12. Bxc7 O-O 13. Be5 Qe7 
14. Qe2 Nd7 15. Bg2 Nxe5 16. Qxe5 Nd6 17. Bh3 Rae8 18. Qe2 Ba6 19. f4 Bxc4
20. Qc2 Bd5 21. Bg2 Qb7 22. Kf1 Nc4 23. Re1 Nxa3 24. Qf2 Qa6+ 25. Ne2 Nc4 
26. Kg1 Qa2 27. Nc1 Qa3 28. Qc2 a5 29. Nd3 Rc8 30. Nf2 Nd6 31. Bxd5 exd5 
32. Nd1 Ne4 33. Re3 b5 34. Qd3 b4 35. cxb4 Qxd3 36. Rxd3 axb4 37. Kg2 Rc2+
38. Kf3 h5 39. Rg1 Ng5+ 0-1

[Event "2020 N. American Class B, Rd 1, S02011"]
[Site "CCLA"]
[Date "2020.04.25"]
[Round "?"]
[White "Schoenwald, Ira"]
[Black "Cacas, Alexander"]
[Result "0-1"]
[WhiteElo "1593"]
[BlackElo "1772"]

1. d4 Nf6 2. Nc3 d5 3. Bf4 Bf5 4. f3 e6 5. g4 Bg6 6. h4 h6 7. e3 Bd6 8. 
Nge2 Bxf4 9. Nxf4 Bh7 10. g5 Nfd7 11. g6 Bg8 12. Bd3 Nf6 13. h5 Nc6 14. a3
Qd7 15. Qe2 Ne7 16. Qg2 fxg6 17. Bxg6+ Nxg6 18. Nxg6 Rh7 19. Ne5 Qe7 20. 
O-O-O O-O-O 21. Na4 Bf7 22. Qe2 Nd7 23. Nc6 Qd6 24. Nxd8 Kxd8 25. Qd3 Rh8 
26. e4 Qc6 27. Nc3 Nf6 28. exd5 Nxd5 29. Nxd5 Qxd5 30. Qe4 c6 31. Qf4 Qd7 
32. Qb8+ Qc8 33. Qxa7 Rg8 34. Qa5+ Kd7 35. Qd2 Qe8 36. Qb4 Kc8 37. Qc5 Qd7
38. Rh2 Qc7 39. Re2 Qf4+ 40. Kb1 Qxf3 41. Rde1 Re8 42. Re5 Qf2 43. Qc3 Rd8
44. b4 Qxd4 45. Qxd4 Rxd4 46. Rf1 Rd7 47. Ra5 Kc7 48. Rg1 Be8 49. Kb2 Re7 
50. c4 e5 51. Re1 Kd6 52. Rd1+ Ke6 53. Rh1 Kf6 54. Re1 Bxh5 55. Kc3 Bg4 
56. Ra8 g5 57. Rf1+ Kg7 58. Raf8 e4 59. Kd2 e3+ 60. Ke1 Rd7 61. Re8 Rd1# 
0-1

[Event "2020 N. American Class B, Rd 1, S02011"]
[Site "CCLA"]
[Date "2020.04.25"]
[Round "?"]
[White "Cacas, Alexander"]
[Black "Mann, Wallace"]
[Result "1-0"]
[WhiteElo "1772"]
[BlackElo "1606"]

1. e4 e5 2. Nf3 Nf6 3. Nxe5 d6 4. Nf3 Nxe4 5. d4 d5 6. Bd3 Bd6 7. O-O O-O 
8. c4 c6 9. cxd5 cxd5 10. Nc3 Nxc3 11. bxc3 Bg4 12. Rb1 Nd7 13. h3 Bh5 14.
 Rb5 Nf6 15. Bg5 Rc8 16. Rxb7 Rxc3 17. Rxa7 Ra3 18. Rxa3 Bxa3 19. Qb3 Be7 
20. Ne5 Qa8 21. Bxf6 Bxf6 22. Nd7 Rc8 23. Nb6 1-0

[Event "2020 N. American Class B, Rd 1, S02011"]
[Site "CCLA"]
[Date "2020.04.25"]
[Round "?"]
[White "Laaman, Thomas"]
[Black "Cacas, Alexander"]
[Result "1-0"]
[WhiteElo "1758"]
[BlackElo "1772"]

1. e4 e6 2. d4 d5 3. e5 c5 4. c3 Nc6 5. Nf3 Qb6 6. a3 Bd7 7. b4 cxd4 8. 
cxd4 Rc8 9. Bb2 Na5 10. Nbd2 Nc4 11. Nxc4 dxc4 12. Rc1 a5 13. Nd2 axb4 14.
 Nxc4 Qd8 15. axb4 Bxb4+ 16. Bc3 Bxc3+ 17. Rxc3 Kf8 18. Ra3 Ne7 19. Nd6 
Rb8 20. Bd3 Nd5 21. Qh5 Qe7 22. Be4 Bc6 23. Rf3 f6 24. Bxd5 exd5 25. O-O 
Be8 26. Nxe8 Qxe8 27. Qxe8+ Kxe8 28. exf6 gxf6 29. Rxf6 Ke7 30. Rb6 Rhc8 
31. g3 Rc6 32. Rfb1 Rxb6 33. Rxb6 Kd7 34. Kf1 Kc7 35. Rh6 Rh8 36. Ke2 Re8+
37. Kd2 Re7 38. f4 Rf7 39. Kc3 Re7 40. Kb4 Rf7 41. Kc5 Rd7 42. Re6 1-0

[Event "2020 N. American Class B, Rd 1, S02011"]
[Site "CCLA"]
[Date "2020.04.25"]
[Round "?"]
[White "Zarges, Ron V."]
[Black "Askvig, Brent"]
[Result "1-0"]
[WhiteElo "1715"]
[BlackElo "1667"]

1. e4 c5 2. Nf3 Nc6 3. Bb5 e6 4. O-O Nge7 5. Re1 a6 6. Bf1 Ng6 7. c3 Be7 
8. d4 cxd4 9. cxd4 d5 10. e5 O-O 11. Nc3 b5 12. Be3 Bb4 13. Bd3 f6 14. Qc2
Qe8 15. exf6 gxf6 16. Bh6 Bd7 17. Bxf8 Kxf8 18. Qd2 Qf7 19. Qh6+ Kg8 20. 
Rac1 Qg7 21. Qxg7+ Kxg7 22. Bxg6 hxg6 23. Re2 Rc8 24. Rec2 Ba5 25. Ne2 Re8
26. Rxc6 Bxc6 27. Rxc6 e5 28. Rxa6 e4 29. Rxa5 exf3 30. Ng3 Re1+ 31. Nf1 
fxg2 32. Kxg2 Rd1 33. Ne3 Rxd4 34. Rxb5 1-0

[Event "2020 N. American Class B, Rd 1, S02011"]
[Site "CCLA"]
[Date "2020.04.25"]
[Round "?"]
[White "Catania, Duane"]
[Black "Zarges, Ron V."]
[Result "0-1"]
[WhiteElo "1584"]
[BlackElo "1715"]

1. e4 c5 2. Nf3 Nc6 3. d4 cxd4 4. Nxd4 Nf6 5. Nc3 d6 6. Be2 e5 7. Nf3 h6 
8. O-O Be7 9. Re1 O-O 10. h3 Be6 11. Be3 d5 12. exd5 Nxd5 13. Nxd5 Qxd5 
14. Qxd5 Bxd5 15. c3 e4 16. Nd4 f5 17. c4 Nxd4 18. Bxd4 Bc6 19. Rad1 f4 
20. a3 Bf6 21. b4 Ba4 22. Bc5 Bxd1 23. Bxd1 Rfd8 24. b5 Bc3 25. Rf1 b6 0-1

[Event "2020 N. American Class B, Rd 1, S02011"]
[Site "CCLA"]
[Date "2020.04.25"]
[Round "?"]
[White "Zarges, Ron V."]
[Black "Schoenwald, Ira"]
[Result "1-0"]
[WhiteElo "1715"]
[BlackElo "1593"]

1. e4 d6 2. d4 Nf6 3. Nc3 Nbd7 4. Nf3 e5 5. Bc4 Be7 6. O-O c6 7. a4 h6 8. 
Re1 Qc7 9. h3 g5 10. Nh2 Nf8 11. Be3 Ng6 12. dxe5 dxe5 13. Ng4 Nf4 14. 
Bxf4 gxf4 15. Nxf6+ Bxf6 16. Qh5 Rh7 17. Rad1 Bd7 18. Rd3 O-O-O 19. Bxf7 
Bh4 20. Qxh4 Rxf7 21. Qxh6 Rff8 22. Qh5 Rh8 23. Qf3 Rh7 24. Kf1 Rg8 25. 
Ke2 Be8 26. Kd2 Qb6 27. Kc1 Rhh8 28. g4 fxg3 29. Qf5+ Kb8 30. Qxe5+ Ka8 
31. fxg3 Bg6 32. Qd4 Qc7 33. h4 Bh5 34. e5 Bg6 35. Qd6 Qb6 36. Rf3 Bh5 37.
 Rfe3 Rd8 38. Qf6 Rhf8 39. Qg5 Rh8 40. e6 Rdg8 41. Qe5 Re8 42. e7 a6 43. 
a5 Qa7 44. Na4 b5 45. Nc5 Qb8 46. Qxb8+ Rxb8 47. Nxa6 Rbc8 48. e8=Q Bxe8 
49. Rxe8 Rhxe8 50. Rxe8 Kb7 51. Rxc8 Kxc8 52. h5 1-0

[Event "2020 N. American Class B, Rd 1, S02011"]
[Site "CCLA"]
[Date "2020.04.25"]
[Round "?"]
[White "Mann, Wallace"]
[Black "Zarges, Ron V."]
[Result "1/2-1/2"]
[WhiteElo "1606"]
[BlackElo "1715"]

1. e4 c5 2. b3 d6 3. Bb2 Nf6 4. Nc3 Nc6 5. Bb5 Bd7 6. f4 e5 7. Nf3 exf4 8.
 O-O Be7 9. d4 O-O 10. Bxc6 Bxc6 11. d5 Bd7 12. Qd2 Nh5 13. Ne2 Bf6 14. e5
dxe5 15. Bxe5 Bxe5 16. Nxe5 Nf6 17. Rxf4 Re8 18. Nxd7 Qxd7 19. Rd1 Ne4 20.
 Qd3 Nd6 21. c4 Re5 22. Ng3 Qe7 23. Nf5 Qd7 24. Rdf1 Nxf5 25. Rxf5 Rxf5 
26. Qxf5 Qxf5 27. Rxf5 Rd8 28. Re5 Kf8 29. Kf2 Rd7 30. Kf3 Rd6 31. g3 f6 
32. Re3 Kf7 33. Kf4 g6 34. g4 a6 35. a4 a5 36. h3 Rb6 37. Kf3 Rd6 38. Kf4 
Rb6 1/2-1/2

[Event "2020 N. American Class B, Rd 1, S02011"]
[Site "CCLA"]
[Date "2020.04.25"]
[Round "?"]
[White "Zarges, Ron V."]
[Black "Laaman, Thomas"]
[Result "0-1"]
[WhiteElo "1715"]
[BlackElo "1758"]

1. e4 e5 2. Nf3 Nf6 3. Nxe5 d6 4. Nf3 Nxe4 5. d4 d5 6. Bd3 Nc6 7. O-O Be7 
8. c4 O-O 9. Nc3 Nxc3 10. bxc3 dxc4 11. Bxc4 Bg4 12. Re1 Bf6 13. Ba3 Re8 
14. Qd3 Na5 15. Rxe8+ Qxe8 16. Bd5 g6 17. Bb4 Nc6 18. Bxc6 Qxc6 19. Re1 
Bxf3 20. gxf3 Qd5 21. Qe2 Rd8 22. Ba3 c6 23. Bc1 Kg7 24. Ba3 Qg5+ 25. Kh1 
h5 26. Qe3 h4 27. h3 Rd7 28. Qxg5 Bxg5 29. Re8 f6 30. Re2 Kf7 31. Kg1 f5 
32. Kf1 Be7 33. Bc1 c5 34. Be3 cxd4 35. cxd4 Bf6 36. d5 a6 37. Rd2 Ke7 38.
 Bc5+ Kd8 39. Bb6+ Kc8 40. d6 Bd8 41. Bxd8 Rxd8 42. Rd4 g5 43. a4 b6 44. 
Ke2 Kd7 45. Kd2 Ke6 46. Ke2 Rxd6 47. Rc4 b5 48. axb5 axb5 49. Rc8 Rb6 50. 
Rc3 Kd5 51. Kd3 Rc6 52. Ra3 b4 53. Ra8 Rb6 54. Kc2 b3+ 55. Kb2 Ke5 56. Rh8
Kf4 57. Rh5 Rd6 0-1

[Event "2020 N. American Class B, Rd 1, S02011"]
[Site "CCLA"]
[Date "2020.04.25"]
[Round "?"]
[White "Askvig, Brent"]
[Black "Catania, Duane"]
[Result "0-1"]
[WhiteElo "1667"]
[BlackElo "1584"]

1. e4 e6 2. d3 d5 3. Nd2 Nd7 4. Ngf3 Bd6 5. g3 Ne7 6. Bg2 O-O 7. O-O c5 8.
 c4 d4 9. Qe2 e5 10. Kh1 f5 11. exf5 Nxf5 12. Ne4 Be7 13. Bg5 h6 14. Bxe7 
Qxe7 15. Rae1 Re8 16. Nh4 Nxh4 17. gxh4 Qxh4 18. Qf3 Rf8 19. Qg3 Qh5 20. 
f4 exf4 21. Rxf4 Rxf4 22. Nf2 g5 0-1

[Event "2020 N. American Class B, Rd 1, S02011"]
[Site "CCLA"]
[Date "2020.04.25"]
[Round "?"]
[White "Schoenwald, Ira"]
[Black "Askvig, Brent"]
[Result "0-1"]
[WhiteElo "1593"]
[BlackElo "1667"]

1. d4 Nf6 2. Nc3 g6 3. Bf4 Bg7 4. e4 d6 5. Qd2 O-O 6. O-O-O c6 7. Nf3 b5 
8. Be2 b4 9. h3 bxc3 10. Qe3 cxb2+ 11. Kb1 Qb6 12. Bd3 a5 13. Bh6 Nbd7 14.
 Bxg7 Kxg7 15. h4 h5 16. Nh2 c5 17. g4 cxd4 18. Qg5 Nc5 19. gxh5 Nxh5 20. 
Rhg1 Kh7 21. Be2 Ne6 22. Qxe7 Ra7 23. Qxf8 Nxf8 24. Bxh5 gxh5 25. Rg3 a4 
26. Rdg1 f6 27. Nf1 Qb4 28. Nh2 Be6 29. Nf3 Qc4 30. Ne1 Qxa2# 0-1

[Event "2020 N. American Class B, Rd 1, S02011"]
[Site "CCLA"]
[Date "2020.04.25"]
[Round "?"]
[White "Askvig, Brent"]
[Black "Mann, Wallace"]
[Result "1-0"]
[WhiteElo "1667"]
[BlackElo "1606"]

1. e4 e5 2. Nf3 Nc6 3. Bb5 a6 4. Bxc6 dxc6 5. O-O Qf6 6. h3 c5 7. c3 c4 8.
 d4 cxd3 9. Qxd3 Ne7 10. Bg5 Qg6 11. Kh2 Nc6 12. Nbd2 b5 13. Qd5 Bd7 14. 
Nxe5 Bd6 15. Bf4 Qe6 16. Ndf3 f6 17. Qxe6+ Bxe6 18. Nd3 Bc4 19. Rfe1 Bxd3 
20. Bxd6 cxd6 21. Rad1 Bc4 22. b3 Na5 23. bxc4 Nxc4 24. Nd4 Rc8 25. Nf5 
O-O 26. Ne7+ 1-0

[Event "2020 N. American Class B, Rd 1, S02011"]
[Site "CCLA"]
[Date "2020.04.25"]
[Round "?"]
[White "Laaman, Thomas"]
[Black "Askvig, Brent"]
[Result "1-0"]
[WhiteElo "1758"]
[BlackElo "1667"]

1. e4 c5 2. Nf3 Nc6 3. Bb5 g6 4. O-O Bg7 5. Bxc6 bxc6 6. Re1 Qc7 7. d3 d6 
8. Nbd2 Nf6 9. Rb1 O-O 10. Nf1 Nd7 11. b3 a5 12. a4 d5 13. exd5 cxd5 14. 
Ng3 e5 15. Bb2 Bb7 16. h3 Rad8 17. Nh2 f5 18. Nf3 d4 19. Nd2 Nb6 20. Ba3 
Nd5 21. Bb2 Rde8 22. Kf1 Nf4 23. f3 e4 24. dxe4 fxe4 25. Ngxe4 Nd5 26. Kg1
Be5 27. Nf1 Nf6 28. Nxf6+ Bxf6 29. Qd3 Rd8 30. Nd2 Bh4 31. Re2 Rd6 32. Bc1
Ba6 33. Nc4 Rdf6 34. Qe4 Bg3 35. Bh6 Bb7 36. Qe7 Qxe7 37. Rxe7 R8f7 38. 
Re8+ Rf8 39. Rxf8+ Rxf8 40. Bxf8 Kxf8 41. Nxa5 Bc8 42. Nc4 Bf5 43. Rb2 Ke7
44. Nd2 1-0

[Event "2020 N. American Class B, Rd 1, S02011"]
[Site "CCLA"]
[Date "2020.04.25"]
[Round "?"]
[White "Catania, Duane"]
[Black "Schoenwald, Ira"]
[Result "1-0"]
[WhiteElo "1584"]
[BlackElo "1593"]

1. e4 d6 2. d4 Nf6 3. Nc3 Nbd7 4. Bd3 e5 5. Nf3 c6 6. O-O Qc7 7. Ne2 h6 8.
 c3 Be7 9. Ng3 g6 10. Qe2 Nf8 11. a4 g5 12. dxe5 dxe5 13. Nf5 Ng6 14. Re1 
Bxf5 15. exf5 Nf4 16. Bxf4 exf4 17. Bc4 Rh7 18. b4 g4 19. Ne5 f3 20. gxf3 
gxf3 21. Qxf3 Rg7+ 22. Kh1 O-O-O 23. Bxf7 Bd6 24. Be6+ Kb8 25. Rad1 Bxe5 
26. Rxd8+ Qxd8 27. Rxe5 Ng4 28. Re1 Qh4 29. Qg3+ Ka8 30. Qxh4 1-0

[Event "2020 N. American Class B, Rd 1, S02011"]
[Site "CCLA"]
[Date "2020.04.25"]
[Round "?"]
[White "Mann, Wallace"]
[Black "Catania, Duane"]
[Result "1-0"]
[WhiteElo "1606"]
[BlackElo "1584"]

1. e4 e6 2. b3 d5 3. Bb2 dxe4 4. Nc3 Nf6 5. Qe2 Nc6 6. Nxe4 Be7 7. Nf3 O-O
8. O-O-O Nxe4 9. Qxe4 Bf6 10. d4 Qe7 11. Ne5 Bg5+ 12. f4 Bh6 13. Nc4 Rd8 
14. Kb1 a5 15. g4 g6 16. Be2 Qh4 17. Ne5 Bd7 18. Nxd7 Rxd7 19. d5 exd5 20.
 Qf3 d4 21. g5 Bg7 22. Bc3 dxc3 23. Rxd7 Nd4 24. Qe3 Nxe2 25. Qxe2 a4 26. 
Qc4 Rf8 27. Qxa4 Qf2 28. Qc4 Qa7 29. a4 b5 30. Qxb5 Qa8 31. Re1 Re8 32. 
Rxe8+ Qxe8 33. Qd5 Bf8 34. Rxc7 Ba3 35. Ka2 Bb2 36. Qc5 1-0

[Event "2020 N. American Class B, Rd 1, S02011"]
[Site "CCLA"]
[Date "2020.04.25"]
[Round "?"]
[White "Catania, Duane"]
[Black "Laaman, Thomas"]
[Result "0-1"]
[WhiteElo "1584"]
[BlackElo "1758"]

1. e4 e5 2. Nf3 Nf6 3. Nc3 Nc6 4. Bb5 Bb4 5. d3 O-O 6. O-O Re8 7. a3 Bxc3 
8. bxc3 d6 9. Bg5 Bd7 10. d4 a6 11. Bd3 Bg4 12. d5 Ne7 13. Bxf6 gxf6 14. 
h3 Bh5 15. g4 Bg6 16. Nh4 Kh8 17. Qf3 Ng8 18. Nf5 Ne7 19. Nh4 Nc8 20. Kh2 
Nb6 21. Qg3 Na4 22. f4 exf4 23. Qxf4 Nxc3 24. Nxg6+ fxg6 25. Rae1 Rf8 26. 
Qh6 Qe7 27. Re3 Qg7 28. Qh4 Na4 29. Ref3 g5 30. Qf2 Nc5 31. Rxf6 Rxf6 32. 
Qxf6 Qxf6 33. Rxf6 Kg7 34. Rf3 Rf8 35. Kg2 Rxf3 36. Kxf3 Kf6 37. Ke3 Ke5 
38. Bf1 Nxe4 39. c4 Nf6 40. Bd3 h5 41. Bf5 b6 42. Bc8 a5 43. gxh5 Nxh5 44.
 a4 Nf6 45. Ba6 Ne4 46. Bb7 Nc3 47. Bc6 Nd1+ 48. Kf3 Nc3 49. Kg4 Kf6 50. 
Bd7 Kg6 51. Be8+ Kf6 52. Bc6 Ne2 53. Bd7 Nd4 54. Bc8 c6 55. dxc6 Nxc6 56. 
Bb7 Ne5+ 57. Kh5 Nxc4 58. h4 gxh4 59. Kxh4 Ke5 60. Kg3 Kd4 61. Bc8 Nb2 62.
 Bd7 d5 63. Kf2 Kc3 0-1

[Event "2020 N. American Class B, Rd 1, S02011"]
[Site "CCLA"]
[Date "2020.04.25"]
[Round "?"]
[White "Schoenwald, Ira"]
[Black "Mann, Wallace"]
[Result "1-0"]
[WhiteElo "1593"]
[BlackElo "1606"]

1. d4 Nf6 2. Nc3 d5 3. Bf4 c5 4. e3 cxd4 5. exd4 a6 6. Bd3 Nc6 7. Nf3 Bg4 
8. Be2 Ne4 9. O-O e6 10. a3 Nd6 11. b3 Nf5 12. Ne5 h5 13. Nxc6 Bxe2 14. 
Nxe2 bxc6 15. b4 g5 16. Be3 h4 17. Nc1 Bd6 18. Nd3 f6 19. Nc5 Ke7 20. Qe2 
Qc8 21. f4 Nxe3 22. Qxe3 Bxc5 23. bxc5 1-0

[Event "2020 N. American Class B, Rd 1, S02011"]
[Site "CCLA"]
[Date "2020.04.25"]
[Round "?"]
[White "Laaman, Thomas"]
[Black "Schoenwald, Ira"]
[Result "1/2-1/2"]
[WhiteElo "1758"]
[BlackElo "1593"]

1. e4 d6 2. d4 Nf6 3. Nc3 Nbd7 4. Bc4 e5 5. Nf3 Be7 6. O-O c6 7. d5 c5 8. 
Re1 a6 9. a4 Qc7 10. a5 h6 11. b3 g5 12. h3 Nf8 13. Bd2 g4 14. hxg4 Bxg4 
15. Be2 Ng6 16. Nh2 Bxe2 17. Qxe2 O-O-O 18. Ng4 Nxg4 19. Qxg4+ Kb8 20. Qh5
Rdg8 21. Ne2 Qd7 22. Ng3 Bg5 23. Re2 Bxd2 24. Rxd2 Nf4 25. Qh2 Qg4 26. Re1
h5 27. Red1 h4 28. Nf5 Nxg2 29. Kf1 h3 30. Ng3 Qf4 31. Rd3 Rh6 32. Ke2 
Qg4+ 33. Kd2 Rf6 34. Rf1 Rh8 35. Kc3 Rf3 36. Rxf3 Qxf3+ 37. Kb2 f5 38. 
Nxf5 Qxe4 39. Nxd6 Qxd5 40. Nc4 Nf4 41. Ne3 Qd2 42. Nc4 Qe2 43. Rh1 Nd3+ 
44. Kb1 Nxf2 45. Nxe5 Kc8 46. Nd3 Rf8 47. Nxf2 Rxf2 48. Qxh3+ Kb8 49. Qg3+
Ka7 50. Qc3 Rf1+ 51. Rxf1 Qxf1+ 52. Kb2 Qb5 53. Qd2 1/2-1/2

[Event "2020 N. American Class B, Rd 1, S02011"]
[Site "CCLA"]
[Date "2020.04.25"]
[Round "?"]
[White "Mann, Wallace"]
[Black "Laaman, Thomas"]
[Result "0-1"]
[WhiteElo "1606"]
[BlackElo "1758"]

1. e4 e5 2. Nf3 Nf6 3. Nxe5 d6 4. Nf3 Nxe4 5. d4 d5 6. Bd3 Nc6 7. O-O Be7 
8. c4 Nf6 9. h3 O-O 10. Nc3 dxc4 11. Bxc4 Bb4 12. Re1 h6 13. a3 Ba5 14. 
Be3 Re8 15. Qc2 Be6 16. Bd3 Nd5 17. Rad1 Bxc3 18. bxc3 Nxe3 19. fxe3 Na5 
20. d5 Bd7 21. a4 Qf6 22. Kh2 Qb6 23. e4 Qb3 24. Nd4 Qxc2 25. Bxc2 Nc4 26.
 Ra1 a5 27. Re2 Nb6 28. Bb3 Kh8 29. c4 Re7 30. c5 Nc8 31. Bc4 b6 32. c6 
Be8 33. e5 g6 34. Rd1 Na7 35. Nb5 Nxc6 36. d6 cxd6 37. exd6 Rxe2 38. Bxe2 
Ne5 39. Rd5 Nd7 40. Nc7 Rd8 41. Nxe8 Rxe8 42. Bb5 Rd8 43. Kg3 Kg7 44. Kf4 
Kf6 45. Ke3 Ke6 46. Kd4 Nf6 47. Re5+ Kxd6 48. Re2 h5 49. Rc2 Ke6+ 50. Ke3 
Nd5+ 51. Kf3 Nb4 52. Re2+ Kf6 53. Kg3 Rd6 54. h4 Nc6 55. Rf2+ Kg7 56. Rf1 
Nd4 57. Bc4 Nf5+ 0-1

[Event "S02021, 2020 Server NA  Class B, Rd 1"]
[Site "CCLA"]
[Date "2020.04.25"]
[Round "?"]
[White "Disque, Philip"]
[Black "Avery, Bryce"]
[Result "0-1"]
[WhiteElo "1689"]
[BlackElo "1747"]

1. e4 e5 2. Nf3 Nc6 3. d4 exd4 4. Bc4 Nf6 5. e5 d5 6. Bb5 Ne4 7. Nxd4 Bc5 
8. Be3 Bd7 9. Bxc6 bxc6 10. Nd2 Qh4 11. O-O Nxd2 12. Qxd2 Rb8 13. c3 O-O 
14. b4 Bxd4 15. Bxd4 a6 16. Qd3 c5 17. Bxc5 Bb5 18. Qxd5 Rfd8 19. Qf3 Bxf1
20. Rxf1 Qc4 21. Ra1 Rd3 22. Be3 Qxc3 23. h4 Qxa1+ 24. Kh2 Qxe5+ 25. Kh3 
h5 0-1